00465nam a22001337a 4500003000200000005001700002008004100019050002700060100002900087245009000116260007100206300001800277500003600295020231107142448.0231107b xxu||||| |||| 00| 0 eng d aBV 4598.24b.Sa25 2023 aSalazar, Emily Claire R. aGrit and happiness among emerging young adult entrepreneurscSalazar, Emily Claire R. aLas Pinas CitybSouthville Intentional School and Collegescc2023. a156 p.c28cm. aSelf esteem--religious aspects.